[Event "Scarborough CC Winter End"]
[Site "Toronto"]
[Date "2012.02.23"]
[Round "2"]
[White "Triefeldt, Jack"]
[Black "Lin, Tony"]
[Result "0-1"]
[WhiteElo "1794"]
[BlackElo "2048"]
[PlyCount "88"]
[EventDate "2012.02.16"]
[EventType "swiss"]
[EventRounds "5"]
[EventCountry "CAN"]
[SourceTitle "EXT 2022"]
[Source "ChessBase"]
[SourceDate "2021.10.06"]
[SourceVersion "1"]
[SourceVersionDate "2021.10.06"]
[SourceQuality "1"]

1. d4 e6 2. e3 f5 3. f4 Nf6 4. Nf3 b6 5. c4 Bb7 6. Nc3 Bb4 7. a3 Bxc3+ 8. bxc3 c5 9. Bd3 Ne4 10. Bxe4 Bxe4 11. 0-0 0-0 12. a4 Nc6 13. Ng5 Na5 14. Nxe4 fxe4 15. Qc2 d5 16. cxd5 exd5 17. dxc5 bxc5 18. Ba3 Qc7 19. Rab1 Nc4 20. Bc1 Rab8 21. Rxb8 Rxb8 22. Rd1 Qf7 23. Qa2 Qh5 24. Re1 Qe8 25. Rd1 Qc6 26. Kf2 Rb6 27. Qe2 g6 28. Qg4 Rb7 29. Qg5 Rd7 30. Ke1 Kg7 31. h4 Qe6 32. Bd2 Nb2 33. Rb1 Nxa4 34. Rb8 Qf5 35. Rd8 Nb6 36. g4 Qxg5 37. Rxd7+ Nxd7 38. hxg5 Nb6 39. Kd1 Nc4 40. Be1 a5 41. Kc2 a4 42. Kb1 Kf7 43. Ka2 d4 44. cxd4 cxd4 0-1

[Event "Canadian op 48th U2000"]
[Site "Toronto"]
[Date "2011.07.14"]
[Round "6"]
[White "Triefeldt, Jack"]
[Black "Nickoloff, Steve"]
[Result "1-0"]
[WhiteElo "1714"]
[BlackElo "1872"]
[PlyCount "55"]
[EventDate "2011.07.09"]
[EventType "swiss"]
[EventRounds "9"]
[EventCountry "CAN"]
[SourceTitle "EXT 2022"]
[Source "ChessBase"]
[SourceDate "2021.10.06"]
[SourceVersion "1"]
[SourceVersionDate "2021.10.06"]
[SourceQuality "1"]

1. d4 Nf6 2. c4 c6 3. Nc3 g6 4. e4 d6 5. f3 Bg7 6. Be3 0-0 7. Bd3 Nbd7 8. Nge2 Re8 9. 0-0 e5 10. d5 Nf8 11. b4 cxd5 12. Nxd5 Nxd5 13. cxd5 f5 14. Rc1 f4 15. Bf2 Qg5 16. Kh1 Bf6 17. Rg1 Bd8 18. Rc3 Bd7 19. Qd2 Qh6 20. Bc2 g5 21. g3 Kh8 22. g4 Ng6 23. Qe1 Rc8 24. Rxc8 Bxc8 25. Bxa7 Nh4 26. Qf2 b6 27. Rf1 Ba6 28. Bd1 1-0

[Event "Canadian op 48th U2000"]
[Site "Toronto"]
[Date "2011.07.13"]
[Round "5"]
[White "Dowling, Bruce"]
[Black "Triefeldt, Jack"]
[Result "0-1"]
[WhiteElo "1847"]
[BlackElo "1714"]
[PlyCount "60"]
[EventDate "2011.07.09"]
[EventType "swiss"]
[EventRounds "9"]
[EventCountry "CAN"]
[SourceTitle "EXT 2022"]
[Source "ChessBase"]
[SourceDate "2021.10.06"]
[SourceVersion "1"]
[SourceVersionDate "2021.10.06"]
[SourceQuality "1"]

1. f4 d5 2. Nf3 Nf6 3. e3 c5 4. Bb5+ Bd7 5. Qe2 a6 6. Bxd7+ Nbxd7 7. 0-0 g6 8. d3 Bg7 9. e4 dxe4 10. dxe4 0-0 11. a4 b6 12. Nc3 e6 13. Kh1 Qc7 14. Be3 Ng4 15. Bd2 Ngf6 16. Nh4 Qb7 17. g4 h5 18. gxh5 Nxh5 19. Rg1 Ndf6 20. Nxg6 fxg6 21. Rxg6 Rad8 22. Rag1 Rd4 23. Re1 Kh7 24. Rg5 Bh6 25. Rxh5 Nxh5 26. Be3 Nxf4 27. Qf3 Rd7 28. Rg1 Rg7 29. Rd1 Qf7 30. Qf2 Nh5 0-1

[Event "Scarborough CC Spring Into Summer U2000"]
[Site "Toronto"]
[Date "2011.05.26"]
[Round "4"]
[White "Ward, Dean"]
[Black "Triefeldt, Jack"]
[Result "1-0"]
[WhiteElo "1790"]
[BlackElo "1714"]
[PlyCount "87"]
[EventDate "2011.04.28"]
[EventType "swiss"]
[EventRounds "9"]
[EventCountry "CAN"]
[SourceTitle "EXT 2022"]
[Source "ChessBase"]
[SourceDate "2021.10.06"]
[SourceVersion "1"]
[SourceVersionDate "2021.10.06"]
[SourceQuality "1"]

1. d4 Nf6 2. c4 c6 3. Nc3 d5 4. cxd5 cxd5 5. Nf3 Nc6 6. h3 e6 7. Bg5 Be7 8. e3 0-0 9. a3 a6 10. Bd3 b5 11. Bc2 Bb7 12. Qd3 g6 13. Bh6 Re8 14. b4 Bf8 15. Bg5 Bg7 16. 0-0 Qc7 17. Bf4 Qc8 18. Ne2 Nd7 19. Rac1 Nb6 20. h4 e5 21. dxe5 Nxe5 22. Nxe5 Bxe5 23. Bxe5 Rxe5 24. Qd4 Qc7 25. Bxg6 Nc4 26. Bd3 Qe7 27. Qg4+ Kh8 28. Qd4 Qf6 29. Nf4 Qg7 30. Be2 Re7 31. Qxg7+ Kxg7 32. Rc3 Rd8 33. Rd1 Red7 34. Rd4 Rd6 35. Nd3 Bc8 36. Nc5 Kf6 37. Rf4+ Ke7 38. Bh5 f6 39. Bg4 Ne5 40. Bxc8 Rxc8 41. Rd4 Rc7 42. e4 dxe4 43. Rxd6 Kxd6 44. Nxe4+ 1-0

[Event "Scarborough CC Spring Into Summer U2000"]
[Site "Toronto"]
[Date "2011.04.28"]
[Round "1"]
[White "Stavropoulos, Greg"]
[Black "Triefeldt, Jack"]
[Result "1/2-1/2"]
[WhiteElo "1872"]
[BlackElo "1714"]
[PlyCount "89"]
[EventDate "2011.04.28"]
[EventType "swiss"]
[EventRounds "9"]
[EventCountry "CAN"]
[SourceTitle "EXT 2022"]
[Source "ChessBase"]
[SourceDate "2021.10.06"]
[SourceVersion "1"]
[SourceVersionDate "2021.10.06"]
[SourceQuality "1"]

1. c4 Nf6 2. Nc3 d5 3. cxd5 Nxd5 4. g3 g6 5. Bg2 Nxc3 6. bxc3 Bg7 7. Nf3 0-0 8. 0-0 Nc6 9. Qc2 e5 10. Rb1 Rb8 11. d3 Be6 12. Ng5 Bd7 13. Ne4 h6 14. Nc5 Qc8 15. Nxd7 Qxd7 16. Qa4 a6 17. Be3 Rfd8 18. Rxb7 Rxb7 19. Bxc6 Qc8 20. Bxb7 Qxb7 21. Qb3 Rb8 22. Rb1 Qxb3 23. Rxb3 Rxb3 24. axb3 Bf8 25. b4 h5 26. Kf1 Bd6 27. Ke1 Kf8 28. Kd2 Ke7 29. Kc2 Ke6 30. Kb3 f5 31. Kc4 f4 32. Bc5 fxg3 33. fxg3 Kf5 34. Bxd6 cxd6 35. Kd5 Kg4 36. c4 Kh3 37. c5 dxc5 38. bxc5 Kxh2 39. c6 Kxg3 40. c7 h4 41. c8Q g5 42. Qf5 g4 43. Qxe5+ Kh3 44. Qf5 Kg3 45. Qf1 1/2-1/2

[Event "Scarborough CC-ch Reserves"]
[Site "Toronto"]
[Date "2011.03.31"]
[Round "6"]
[White "Gaffney, Kevin"]
[Black "Triefeldt, Jack"]
[Result "1-0"]
[WhiteElo "1642"]
[BlackElo "1812"]
[PlyCount "47"]
[EventDate "2011.02.24"]
[EventType "swiss"]
[EventRounds "9"]
[EventCountry "CAN"]
[SourceTitle "EXT 2022"]
[Source "ChessBase"]
[SourceDate "2021.10.06"]
[SourceVersion "1"]
[SourceVersionDate "2021.10.06"]
[SourceQuality "1"]

1. e4 e6 2. d4 d5 3. exd5 exd5 4. c4 Nf6 5. Nc3 Bb4 6. Nf3 0-0 7. Bd3 dxc4 8. Bxc4 Nc6 9. 0-0 Bg4 10. Be3 a6 11. Rc1 b5 12. Be2 Ne7 13. h3 Bh5 14. Qb3 Bd6 15. Bg5 Rc8 16. Rfd1 Bg6 17. Ne5 Qe8 18. Bf3 c5 19. Nxg6 hxg6 20. dxc5 Bxc5 21. Bxf6 gxf6 22. Ne4 Bxf2+ 23. Kxf2 Kg7 24. Nd6 1-0

[Event "Scarborough CC-ch Reserves"]
[Site "Toronto"]
[Date "2011.03.24"]
[Round "5"]
[White "Triefeldt, Jack"]
[Black "Mesiti, Silvano"]
[Result "1-0"]
[WhiteElo "1812"]
[BlackElo "1626"]
[PlyCount "89"]
[EventDate "2011.02.24"]
[EventType "swiss"]
[EventRounds "9"]
[EventCountry "CAN"]
[SourceTitle "EXT 2022"]
[Source "ChessBase"]
[SourceDate "2021.10.06"]
[SourceVersion "1"]
[SourceVersionDate "2021.10.06"]
[SourceQuality "1"]

1. f4 b6 2. e4 Bb7 3. Nc3 Nf6 4. d3 e6 5. Nf3 Bc5 6. Na4 Be7 7. c4 0-0 8. Be2 Nc6 9. 0-0 a6 10. Nc3 Bc5+ 11. Kh1 Nd4 12. Nxd4 Bxd4 13. e5 Ne8 14. Bf3 d5 15. cxd5 exd5 16. Ne2 Bc5 17. d4 Be7 18. Nc3 c5 19. dxc5 Bxc5 20. Bxd5 Qc7 21. Qf3 Rb8 22. Be3 Bxe3 23. Qxe3 Qd8 24. Rfd1 Bxd5 25. Nxd5 Qh4 26. g3 Qh3 27. Nxb6 Nc7 28. b3 Rfd8 29. a4 h5 30. a5 h4 31. Kg1 Qg4 32. Re1 h3 33. Qe2 Qe6 34. Qc4 Qxc4 35. bxc4 Rd2 36. Red1 Rg2+ 37. Kh1 Ne6 38. Rd5 Rc2 39. Rad1 Rb7 40. R5d2 Rc3 41. Kg1 Nc5 42. Re2 Ra3 43. Nd5 Rxa5 44. Kf2 Ra4 45. Rc2 1-0

[Event "Scarborough CC-ch Reserves"]
[Site "Toronto"]
[Date "2011.02.24"]
[Round "1"]
[White "Gillis, Doug"]
[Black "Triefeldt, Jack"]
[Result "1-0"]
[WhiteElo "1635"]
[BlackElo "1812"]
[PlyCount "99"]
[EventDate "2011.02.24"]
[EventType "swiss"]
[EventRounds "9"]
[EventCountry "CAN"]
[SourceTitle "EXT 2022"]
[Source "ChessBase"]
[SourceDate "2021.10.06"]
[SourceVersion "1"]
[SourceVersionDate "2021.10.06"]
[SourceQuality "1"]

1. d4 d5 2. Nc3 Nf6 3. Bg5 Bf5 4. Bxf6 exf6 5. e3 Bb4 6. Bd3 Qd7 7. Nge2 0-0 8. 0-0 c6 9. a3 Bd6 10. b4 Bxd3 11. Qxd3 Qg4 12. Ng3 g6 13. b5 Nd7 14. bxc6 bxc6 15. h3 Qg5 16. Nce2 f5 17. c4 Nf6 18. c5 Bc7 19. Rab1 a5 20. Rb7 Rfc8 21. Rfb1 h5 22. f4 Qh6 23. Qc2 Qf8 24. Nc3 Qe7 25. Nf1 Ne4 26. Na4 Qf8 27. Nb6 Bxb6 28. R1xb6 Qd8 29. Qd3 Qh4 30. Rb2 Qe1 31. Re2 Qa1 32. Reb2 Ng3 33. Rb1 Ne2+ 34. Qxe2 Qxa3 35. Qb2 Qd3 36. Qf2 a4 37. Qh4 a3 38. Qf6 Rf8 39. R7b3 Qa6 40. Ra1 Rfb8 41. Raxa3 Qxa3 42. Rxa3 Rxa3 43. Qxc6 Rb1 44. Qxd5 Rxe3 45. c6 Ree1 46. c7 Rxf1+ 47. Kh2 h4 48. c8Q+ Kg7 49. Qe5+ f6 50. Qe7+ 1-0

[Event "Scarborough CC Falling Leaves U2000"]
[Site "Toronto"]
[Date "2010.11.18"]
[Round "4"]
[White "Triefeldt, Jack"]
[Black "Wiebe, Daniel"]
[Result "0-1"]
[WhiteElo "1805"]
[BlackElo "1853"]
[PlyCount "78"]
[EventDate "2010.10.28"]
[EventType "swiss"]
[EventRounds "7"]
[EventCountry "CAN"]
[SourceTitle "EXT 2022"]
[Source "ChessBase"]
[SourceDate "2021.10.06"]
[SourceVersion "1"]
[SourceVersionDate "2021.10.06"]
[SourceQuality "1"]

1. d4 Nf6 2. Nf3 g6 3. e3 d5 4. Bd3 Bg7 5. Nbd2 0-0 6. Ne5 Nbd7 7. f4 c5 8. b3 a6 9. a4 Qc7 10. 0-0 cxd4 11. exd4 Qc3 12. Rb1 Qxd4+ 13. Kh1 Nxe5 14. Bb2 Qc5 15. fxe5 Ng4 16. Qe2 d4 17. Rf4 Nxe5 18. Bxd4 Qc7 19. Re4 Nxd3 20. Bxg7 Kxg7 21. cxd3 Be6 22. Nc4 b5 23. axb5 axb5 24. Qb2+ Kg8 25. Ne3 Rfd8 26. Rd1 Rac8 27. Ng4 Bxg4 28. Rxg4 Rxd3 29. Rb1 Rc3 30. h3 h5 31. Rg5 Qf4 32. Rd5 Rxh3+ 33. gxh3 Qe4+ 34. Kh2 Qxd5 35. Re1 Qf5 36. Re2 Qf4+ 37. Kg2 Rc5 38. Rf2 Qg5+ 39. Kh1 Rc1+ 0-1

[Event "Scarborough CC Falling Leaves U2000"]
[Site "Toronto"]
[Date "2010.11.04"]
[Round "2"]
[White "Triefeldt, Jack"]
[Black "Bellomo, Joe"]
[Result "1-0"]
[WhiteElo "1805"]
[BlackElo "1719"]
[PlyCount "73"]
[EventDate "2010.10.28"]
[EventType "swiss"]
[EventRounds "7"]
[EventCountry "CAN"]
[SourceTitle "EXT 2022"]
[Source "ChessBase"]
[SourceDate "2021.10.06"]
[SourceVersion "1"]
[SourceVersionDate "2021.10.06"]
[SourceQuality "1"]

1. Nf3 d5 2. d4 Nf6 3. c4 e6 4. Nc3 Be7 5. e3 0-0 6. Bd3 dxc4 7. Bxc4 b6 8. 0-0 Bb7 9. Re1 Nbd7 10. e4 c6 11. e5 Nd5 12. Nxd5 cxd5 13. Bb3 Rc8 14. Be3 Nb8 15. a3 Nc6 16. Qd3 g6 17. Nd2 Na5 18. Rec1 Nxb3 19. Nxb3 Qd7 20. Rxc8 Rxc8 21. Rc1 Rxc1+ 22. Nxc1 Qa4 23. Qb3 Qa5 24. h3 Ba6 25. Qc2 Bc4 26. Qd2 Qb5 27. Bh6 Qd7 28. b4 Qa4 29. Qc3 Qd1+ 30. Kh2 Qh5 31. Be3 Qf5 32. Qd2 h5 33. Ne2 Bd8 34. Ng3 Qb1 35. Bg5 Bc7 36. Be7 Bd3 37. Qh6 1-0

[Event "Scarborough CC Falling Leaves U2000"]
[Site "Toronto"]
[Date "2010.10.28"]
[Round "1"]
[White "Gillis, Doug"]
[Black "Triefeldt, Jack"]
[Result "1/2-1/2"]
[WhiteElo "1675"]
[BlackElo "1784"]
[PlyCount "43"]
[EventDate "2010.10.28"]
[EventType "swiss"]
[EventRounds "7"]
[EventCountry "CAN"]
[SourceTitle "EXT 2022"]
[Source "ChessBase"]
[SourceDate "2021.10.06"]
[SourceVersion "1"]
[SourceVersionDate "2021.10.06"]
[SourceQuality "1"]

1. d4 f5 2. Nc3 Nf6 3. Bg5 e6 4. e4 fxe4 5. Nxe4 Be7 6. Nxf6+ Bxf6 7. Bxf6 Qxf6 8. Bd3 0-0 9. Nf3 Nc6 10. 0-0 b6 11. c4 Bb7 12. d5 exd5 13. cxd5 Ne5 14. Nxe5 Qxe5 15. Bc4 d6 16. Qd2 Rae8 17. Rae1 Qf6 18. Re6 Qf7 19. Rfe1 Bc8 20. Rxe8 Rxe8 21. Rxe8+ Qxe8 22. Qe2 1/2-1/2